HPLC: a practical user's guide (Record no. 1215752)

MARC details
000 -LEADER
fixed length control field 00992nam a2200301Ia 4500
003 - CONTROL NUMBER IDENTIFIER
control field OSt
005 - DATE AND TIME OF LATEST TRANSACTION
control field 20221007125721.0
008 - FIXED-LENGTH DATA ELEMENTS--GENERAL INFORMATION
fixed length control field 221006b |||||||| |||| 00| 0 eng d
020 ## - INTERNATIONAL STANDARD BOOK NUMBER
International Standard Book Number 0471754013 (hbd)
037 ## - SOURCE OF ACQUISITION
Terms of availability Textual
040 ## - CATALOGING SOURCE
Original cataloging agency CDL
Transcribing agency CDL
Language of cataloging eng
041 ## - LANGUAGE CODE
Source of code eng
Language code of text/sound track or separate title eng
100 ## - MAIN ENTRY--PERSONAL NAME
Personal name McMaster Marvin C
9 (RLIN) 722361
245 #0 - TITLE STATEMENT
Title HPLC: a practical user's guide
250 ## - EDITION STATEMENT
Edition statement 2
260 ## - PUBLICATION, DISTRIBUTION, ETC.
Place of publication, distribution, etc. New
Name of publisher, distributor, etc. Jersey John Wiley & Sons
Date of publication, distribution, etc. 2007
300 ## - PHYSICAL DESCRIPTION
Extent xiii,238p. Includes CD-Rom
Dimensions cm.
500 ## - GENERAL NOTE
General note Apendix A-G 203-234p; Index 235-238p
650 ## - SUBJECT ADDED ENTRY--TOPICAL TERM
Topical term or geographic name entry element High performance liquid chromatography
9 (RLIN) 722362
650 ## - SUBJECT ADDED ENTRY--TOPICAL TERM
Topical term or geographic name entry element HPLC
9 (RLIN) 722363
650 ## - SUBJECT ADDED ENTRY--TOPICAL TERM
Topical term or geographic name entry element Chemistry
942 ## - ADDED ENTRY ELEMENTS (KOHA)
Classification part E:225-3,E1, P7 Carc
Koha item type Textual
Source of classification or shelving scheme Colon Classification (CC)
Holdings
Withdrawn status Lost status Source of classification or shelving scheme Damaged status Not for loan Home library Current library Date acquired Source of acquisition Total Checkouts Full call number Barcode Date last seen Price effective from Koha item type
    Colon Classification (CC)     Department of Chemistry Library Department of Chemistry Library 2022-10-07 271, 28/02/2007, Educational Book Agency (India)   E:225-3,E1 P7 Carc CD0007423 2022-10-07 2022-10-07 Textual
Copyright @ Delhi University Library System